|
|
|
|
| LEADER |
00624nab a2200169 i 4500 |
| 001 |
delm135788 |
| 005 |
20191220150033.0 |
| 008 |
191220s2006 hu o 0|| hun d |
| 040 |
|
|
|a SZTE Délmagyarország Archívum
|b hun
|
| 041 |
|
|
|a hun
|
| 100 |
1 |
|
|a Hollósi Zsolt
|
| 245 |
1 |
0 |
|a Pomádé királlyal nyert Izraelben
|h [elektronikus dokumentum] :
|b kollégái szavaztak Tóth Sándor szobrászművész Andersen-érmére /
|c Hollósi Zsolt
|
| 260 |
|
|
|c 2006-01-07
|
| 300 |
|
|
|a 13
|
| 490 |
0 |
|
|a Délmagyarország
|v 96 No. 6 Szie
|
| 695 |
|
|
|a Tóth Sándor, Szeged, Kitüntetés Andersen-érem, Szobrász Szeged
|
| 700 |
0 |
1 |
|a Tóth Sándor
|e aut
|